000 01495nam a2200397 i 4500
001 ELB267225
003 FINmELB
005 20250326042949.0
006 m o u
007 cr cn|||||||||
008 240621s2024 br a ob 000 0 eng d
020 _z9786587205281
020 _a9781643608389
_q(e-book)
035 _a(OCoLC)1441736324
040 _aFINmELB
_bspa
_erda
_cFINmELB
050 1 4 _aNA702
_bS959 2024
080 _a72(8)
082 0 4 _a720.98
_223
245 0 0 _aSupersudaca :
_bincomplete works /
_cAna Rascovsky [y otros 10].
264 1 _aSäao Paulo :
_bRomano Guerra Editora,
_c2024.
300 _a1 recurso en línea (283 páginas) :
_bilustraciones
336 _atexto
_btxt
_2rdamedia/spa
337 _acomputadora
_bc
_2rdamedia/spa
338 _arecurso en línea
_bcr
_2rdacarrier/spa
490 1 _aLatin America: thoughts BR + USA ;
_v10
504 _aContiene bibliografía.
588 _aDescripción basada en metadatos suministrados por el editor y otras fuentes.
590 _aRecurso electrónico. Santa Fe, Arg.: elibro, 2024. Disponible vía World Wide Web. El acceso puede estar limitado para las bibliotecas afiliadas a elibro.
650 4 _aArquitectura
_zAmérica Latina.
650 4 _aArquitectos
_zAmérica Latina.
655 4 _aLibros electrónicos.
700 1 _aRascovsky, Ana,
_eautor.
797 2 _aelibro, Corp.
830 0 _aLatin America: thoughts BR + USA ;
_v10.
856 4 0 _uhttps://elibro.net/ereader/usam/267225
999 _c138145
_d138145